| 000 | 00399nam a2200157Ia 4500 | ||
|---|---|---|---|
| 003 | OSt | ||
| 005 | 20240322151944.0 | ||
| 008 | 170523s9999 xx 000 0 und d | ||
| 020 | _a978-0874257168 | ||
| 040 | _cIIMT UNIVERSITY, MEERUT | ||
| 100 | _aCOROSELLI, MARLEM | ||
| 245 | 0 | _a50 ACTIVITIES FOR PROMOTING ETHICS | |
| 260 |
_bN.D. ANE BOOKS _aNEW DELHI _c2004 |
||
| 300 | _a347 | ||
| 942 |
_2ddc _c02 |
||
| 999 |
_c1875 _d1875 |
||